Highest Rated Movies On IMDB - Statistics

General Stats
  • This quiz has been taken 30 times
    5 since last reset
  • The average score is 33 of 40
Answer Stats
Rank Rating (Out Of 10) Year Main Cast Movie % Correct
8 9.0 2024 Timothée Chalamet Dune: Part Two
100%
13 8.8 1999 Brad Pitt Fight Club
100%
15 8.8 1994 Tom Hanks Forrest Gump
100%
18 8.7 1990 Ray Liotta Goodfellas
100%
17 8.7 2014 Matthew McConaughey Interstellar
100%
21 8.7 1975 Jack Nicholson One Flew Over The Cuckoo's Nest
100%
26 8.6 2023 Cillian Murphy Oppenheimer
100%
9 8.9 1994 Quentin Tarantino Pulp Fiction
100%
29 8.6 1998 Tom Hanks Saving Private Ryan
100%
5 9.0 1993 Liam Neeson Schindler's List
100%
1 9.3 1994 Morgan Freeman Shawshank Redemption
100%
23 8.6 1977 Mark Hamill Star Wars: Episode IV - A New Hope
100%
16 8.7 1980 Mark Hamill Star Wars: Episode V - The Empire Strikes Back
100%
4 9.0 2008 Christian Bale The Dark Knight
100%
2 9.2 1972 Marlon Brando The Godfather
100%
7 9.0 1974 Al Pacino The Godfather Part II
100%
11 8.8 1966 Clint Eastwood The Good, The Bad And The Ugly
100%
10 8.8 2001 Elijah Wood The Lord Of The Rings: The Fellowship Of The Ring
100%
3 9.0 2003 Elijah Wood The Lord Of The Rings: The Return Of The King
100%
12 8.8 2002 Elijah Wood The Lord Of The Rings: The Two Towers
100%
19 8.7 1999 Keanu Reeves The Matrix
100%
6 9.0 1957 Henry Fonda 12 Angry Men
75%
35 8.5 1985 Michael J. Fox Back To The Future
75%
30 8.6 2002 Alexandre Rodrigues City Of God
75%
14 8.8 2010 Leonardo DiCaprio Inception
75%
31 8.6 1946 James Stewart It's A Wonderful Life
75%
39 8.5 2019 Cho Yeo-jeong Parasite
75%
28 8.6 1995 Brad Pitt Se7en
75%
22 8.6 1954 Toshiro Mifune Seven Samurai
75%
20 8.7 2023 Hailee Steinfeld Spider-Man: Across The Spider-Verse
75%
27 8.6 2001 Rumi Hiiragi Spirited Away
75%
24 8.6 1991 Anthony Hopkins The Silence Of The Lambs
75%
38 8.5 2014 Miles Teller Whiplash
75%
36 8.5 2000 Russell Crowe Gladiator
50%
33 8.6 1962 Tatsuya Nakadai Harakiri
50%
34 8.6 1997 Roberto Benigni Life Is Beautiful
50%
37 8.5 1960 Anthony Perkins Psycho
50%
25 8.6 1999 Michael Clarke Duncan The Green Mile
50%
40 8.5 1994 Jeremy Irons The Lion King
50%
32 8.6 1991 Edward Furlong Terminator 2: Judgment Day
25%
No matching quizzes found
Score Distribution
Percent of People with Each Score
Percentile by Number Answered
Your Score History
You have not taken this quiz since the last reset